[Event "Titled Tuesday intern op 2nd April"]
[Site "Chess.com INT"]
[Date "2019.04.02"]
[Round "5"]
[White "Christiansen, Johan Sebastian"]
[Black "O'Brien, Matthew"]
[Result "1-0"]
[WhiteElo "2571"]
[BlackElo "2398"]
[PlyCount "55"]
[EventDate "2019.04.02"]
[EventType "swiss (blitz)"]
[EventRounds "10"]
[EventCountry "USA"]
[SourceTitle "EXT 2021"]
[Source "ChessBase"]
[SourceDate "2020.10.23"]
[SourceVersion "1"]
[SourceVersionDate "2020.10.23"]
[SourceQuality "1"]

1. f4 Nf6 2. c4 g6 3. a4 Bg7 4. h4 c5 5. d3 Nc6 6. e3 d6 7. Nc3 0-0 8. Nf3 Bg4 9. Be2 Re8 10. Ng5 Bxe2 11. Qxe2 e5 12. f5 gxf5 13. Qf3 h6 14. Qxf5 hxg5 15. hxg5 Qd7 16. Qf3 Ng4 17. Nd5 e4 18. dxe4 Nb4 19. Bd2 Nxd5 20. cxd5 Ne5 21. Qh5 Qg4 22. Qh7+ Kf8 23. Bc3 Qxg2 24. 0-0-0 b5 25. axb5 c4 26. Kb1 Rab8 27. Rhf1 Nd3 28. Qxg7+ 1-0

[Event "Titled Tuesday intern op 2nd April"]
[Site "Chess.com INT"]
[Date "2019.04.02"]
[Round "9"]
[White "O'Brien, Matthew"]
[Black "Vlachos, Anatole"]
[Result "0-1"]
[WhiteElo "2389"]
[BlackElo "2405"]
[PlyCount "55"]
[EventDate "2019.04.02"]
[EventType "swiss (blitz)"]
[EventRounds "10"]
[EventCountry "USA"]
[SourceTitle "EXT 2021"]
[Source "ChessBase"]
[SourceDate "2020.10.23"]
[SourceVersion "1"]
[SourceVersionDate "2020.10.23"]
[SourceQuality "1"]

1. e4 c5 2. Nf3 d6 3. d4 cxd4 4. Nxd4 Nf6 5. Nc3 g6 6. Be3 a6 7. f3 b5 8. Qd2 Bb7 9. h4 Nbd7 10. 0-0-0 b4 11. Nce2 e5 12. Nb3 a5 13. Kb1 a4 14. Nbc1 d5 15. Ng3 d4 16. Bf2 h5 17. Bc4 Qc7 18. Bb5 Qb6 19. Qe2 Bh6 20. Bxd7+ Nxd7 21. Nf1 Nc5 22. Nd3 b3 23. Nxc5 Qxc5 24. cxb3 axb3 25. a3 Ba6 26. Qe1 Qc2+ 27. Ka1 Bxf1 28. Qb4 0-1

[Event "Titled Tuesday intern op 4th Dec"]
[Site "Chess.com INT"]
[Date "2018.12.04"]
[Round "1"]
[White "O'Brien, Matthew"]
[Black "Chan, Yi Ren Daniel"]
[Result "0-1"]
[WhiteElo "2373"]
[BlackElo "2316"]
[PlyCount "62"]
[EventDate "2018.12.04"]
[EventType "swiss (blitz)"]
[EventRounds "10"]
[EventCountry "USA"]
[SourceTitle "EXT 2021"]
[Source "ChessBase"]
[SourceDate "2020.10.23"]
[SourceVersion "1"]
[SourceVersionDate "2020.10.23"]
[SourceQuality "1"]

1. e4 e5 2. Nf3 Nc6 3. Bb5 a6 4. Ba4 Nge7 5. 0-0 g6 6. Nc3 Bg7 7. d3 0-0 8. Bg5 h6 9. Bh4 Kh7 10. Nd5 g5 11. Nxg5+ Kh8 12. Bxc6 dxc6 13. Nxe7 Qxe7 14. Qh5 Bd7 15. Nh7 Qb4 16. Nxf8 Rxf8 17. Bf6 Kh7 18. Bxg7 Kxg7 19. Qxe5+ Kh7 20. Qxc7 Be6 21. c3 Qxb2 22. Rab1 Qxc3 23. Rxb7 Qxd3 24. Qxc6 Kh8 25. Rc1 Qe2 26. Qc3+ Kh7 27. Qf6 Qxe4 28. Rbc7 Rg8 29. g3 Rg7 30. R7c3 Bh3 31. Qd6 Qg2# 0-1

[Event "Titled Tuesday intern op 1st May"]
[Site "Chess.com INT"]
[Date "2018.05.01"]
[Round "2"]
[White "Mareco, Sandro"]
[Black "O'Brien, Matthew"]
[Result "1-0"]
[WhiteElo "2637"]
[BlackElo "2307"]
[PlyCount "81"]
[EventDate "2018.05.01"]
[EventType "swiss (blitz)"]
[EventRounds "10"]
[EventCountry "USA"]
[SourceTitle "EXT 2021"]
[Source "ChessBase"]
[SourceDate "2020.10.23"]
[SourceVersion "1"]
[SourceVersionDate "2020.10.23"]
[SourceQuality "1"]

1. Nf3 Nf6 2. g3 g6 3. Bg2 Bg7 4. 0-0 0-0 5. d4 d6 6. Nc3 c6 7. e4 Nbd7 8. a4 e5 9. h3 Re8 10. Re1 a6 11. b3 exd4 12. Nxd4 d5 13. exd5 Rxe1+ 14. Qxe1 Nxd5 15. Nxd5 cxd5 16. Be3 Ne5 17. Rd1 Nc6 18. Qd2 Be6 19. Kh2 Rc8 20. Nxe6 fxe6 21. f4 Ne7 22. Qe2 Qc7 23. Bf2 Qd7 24. h4 Nf5 25. c4 d4 26. Qe4 a5 27. Re1 d3 28. Rd1 Rd8 29. Qxb7 Qxb7 30. Bxb7 Rb8 31. Be4 Rxb3 32. Rxd3 Rb2 33. Kg1 e5 34. c5 Nd4 35. fxe5 Ne2+ 36. Kf1 Bxe5 37. c6 Nc1 38. Rd7 Nb3 39. Bd5+ Kf8 40. c7 Nd2+ 41. Kg2 1-0

[Event "Titled Tuesday intern op 3rd Oct"]
[Site "Chess.com INT"]
[Date "2017.10.03"]
[Round "3"]
[White "Balogh, David"]
[Black "O'Brien, Matthew"]
[Result "0-1"]
[WhiteElo "2200"]
[BlackElo "2320"]
[PlyCount "54"]
[EventDate "2017.10.03"]
[EventType "swiss (blitz)"]
[EventRounds "10"]
[EventCountry "USA"]
[SourceTitle "EXT 2021"]
[Source "ChessBase"]
[SourceDate "2020.10.23"]
[SourceVersion "1"]
[SourceVersionDate "2020.10.23"]
[SourceQuality "1"]

1. d4 Nf6 2. Bg5 d5 3. Bxf6 gxf6 4. e3 c5 5. Nc3 Nc6 6. Bb5 e6 7. Qh5 Bd7 8. Nge2 f5 9. 0-0 Qf6 10. dxc5 Bxc5 11. Rad1 0-0-0 12. Ba4 Rhg8 13. Kh1 Rg4 14. h3 Rh4 15. Qf3 Ne5 16. Bxd7+ Rxd7 17. Qg3 Bd6 18. Nf4 Ng6 19. Nce2 Rd8 20. Qh2 Ne5 21. g3 Rh6 22. h4 Rg8 23. Ng1 Ng6 24. Nxg6 hxg6 25. Nf3 g5 26. Kg1 gxh4 27. Nxh4 Rxh4 0-1

[Event "Titled Tuesday intern Qual3 18th April"]
[Site "Chess.com INT"]
[Date "2017.04.18"]
[Round "7"]
[White "O'Brien, Matthew"]
[Black "Atanasov, Anthony"]
[Result "1-0"]
[WhiteElo "2297"]
[BlackElo "1594"]
[PlyCount "57"]
[EventDate "2017.04.18"]
[EventType "swiss (blitz)"]
[EventRounds "10"]
[EventCountry "USA"]
[SourceTitle "EXT 2021"]
[Source "ChessBase"]
[SourceDate "2020.10.23"]
[SourceVersion "1"]
[SourceVersionDate "2020.10.23"]
[SourceQuality "1"]

1. e4 e5 2. Nf3 Nc6 3. Bb5 Nf6 4. 0-0 Bc5 5. c3 Nxe4 6. Qe2 Nxf2 7. d4 e4 8. Rxf2 0-0 9. Qxe4 d5 10. Qh4 Qxh4 11. Nxh4 Nxd4 12. cxd4 Bxd4 13. Nf3 Bxf2+ 14. Kxf2 c6 15. Bd3 Bg4 16. Ne5 Be6 17. Nc3 f6 18. Nf3 Kf7 19. Bf4 g5 20. Be3 h5 21. h4 g4 22. Ng1 f5 23. Nge2 b6 24. Nf4 c5 25. Ncxd5 Rad8 26. Nxe6 Kxe6 27. Nf4+ Ke5 28. Bd2 Kd4 29. Bc3# 1-0

[Event "Titled Tuesday intern Qual3 18th April"]
[Site "Chess.com INT"]
[Date "2017.04.18"]
[Round "2"]
[White "O'Brien, Matthew"]
[Black "Mikrut, Dariusz"]
[Result "1-0"]
[WhiteElo "2311"]
[BlackElo "2406"]
[PlyCount "61"]
[EventDate "2017.04.18"]
[EventType "swiss (blitz)"]
[EventRounds "10"]
[EventCountry "USA"]
[SourceTitle "EXT 2021"]
[Source "ChessBase"]
[SourceDate "2020.10.23"]
[SourceVersion "1"]
[SourceVersionDate "2020.10.23"]
[SourceQuality "1"]

1. e4 c5 2. Nf3 d6 3. d4 cxd4 4. Nxd4 Nf6 5. Nc3 a6 6. Be3 e5 7. Nb3 Be7 8. f3 Be6 9. Qd2 0-0 10. 0-0-0 a5 11. Qe1 Qc8 12. Bb5 Nbd7 13. g4 Qc7 14. g5 Nh5 15. Kb1 Nb6 16. Bxb6 Qxb6 17. a4 Nf4 18. h4 Rac8 19. Ne2 Nxe2 20. Qxe2 Rfd8 21. Qd2 Ra8 22. g6 fxg6 23. h5 g5 24. h6 g6 25. Qe2 Qc7 26. Rd3 Rac8 27. Rc3 Qb6 28. Rxc8 Rxc8 29. Qd2 Rb8 30. Qxa5 Rc8 31. Qxb6 1-0

[Event "Titled Tuesday intern op 7th March"]
[Site "Chess.com INT"]
[Date "2017.03.07"]
[Round "7"]
[White "O'Brien, Matthew"]
[Black "Foisor, Sabina Francesca"]
[Result "1/2-1/2"]
[WhiteElo "2336"]
[BlackElo "2272"]
[PlyCount "122"]
[EventDate "2017.03.07"]
[EventType "swiss (blitz)"]
[EventRounds "11"]
[EventCountry "USA"]
[SourceTitle "EXT 2021"]
[Source "ChessBase"]
[SourceDate "2020.10.23"]
[SourceVersion "1"]
[SourceVersionDate "2020.10.23"]
[SourceQuality "1"]

1. Nc3 d5 2. d4 Nf6 3. Bg5 h6 4. Bxf6 exf6 5. Qd2 Bb4 6. a3 Bxc3 7. Qxc3 0-0 8. 0-0-0 Bf5 9. f3 Qe7 10. g4 Bg6 11. Nh3 Re8 12. Nf4 c6 13. h4 Qe3+ 14. Qxe3 Rxe3 15. Kd2 Re7 16. e3 Nd7 17. Bd3 Bxd3 18. Kxd3 Rae8 19. Rde1 g6 20. Rhg1 Kg7 21. e4 dxe4+ 22. fxe4 Nf8 23. d5 cxd5 24. Nxd5 Re5 25. c4 Nd7 26. Kd4 Nb8 27. b4 Nc6+ 28. Kd3 a6 29. a4 b5 30. axb5 axb5 31. cxb5 Ne7 32. Nxe7 R8xe7 33. b6 Rb7 34. Rc1 Rxb6 35. Rc4 Rd6+ 36. Rd4 Rc6 37. Rb1 Rb5 38. Rd5 Rb8 39. b5 Rcb6 40. Kc4 Kf8 41. Kc5 Ke7 42. e5 fxe5 43. Rxe5+ Re6 44. Rxe6+ Kxe6 45. Kc6 f5 46. gxf5+ Kxf5 47. b6 g5 48. hxg5 hxg5 49. Kc7 Rg8 50. b7 g4 51. Rd1 g3 52. Rd8 Rg7+ 53. Rd7 Rg8 54. Rd8 Rxd8 55. Kxd8 g2 56. b8Q g1Q 57. Qc8+ Kf4 58. Qc7+ Kf3 59. Qf7+ Ke2 60. Qe6+ Qe3 61. Qxe3+ Kxe3 1/2-1/2

[Event "Titled Tuesday intern op 7th March"]
[Site "Chess.com INT"]
[Date "2017.03.07"]
[Round "3"]
[White "O'Brien, Matthew"]
[Black "Gozzoli, Yannick"]
[Result "0-1"]
[WhiteElo "2336"]
[BlackElo "2586"]
[PlyCount "46"]
[EventDate "2017.03.07"]
[EventType "swiss (blitz)"]
[EventRounds "11"]
[EventCountry "USA"]
[SourceTitle "EXT 2021"]
[Source "ChessBase"]
[SourceDate "2020.10.23"]
[SourceVersion "1"]
[SourceVersionDate "2020.10.23"]
[SourceQuality "1"]

1. e4 Nf6 2. e5 Nd5 3. d4 d6 4. Bc4 Nb6 5. Bb3 Bf5 6. Nf3 e6 7. 0-0 Nc6 8. exd6 Bxd6 9. c4 Be7 10. d5 Na5 11. Nc3 0-0 12. Qe2 exd5 13. cxd5 Nxb3 14. axb3 Re8 15. Be3 Nxd5 16. Nxd5 Qxd5 17. Qc4 Qxc4 18. bxc4 a5 19. Nd4 Bd3 20. Rfc1 Bf6 21. Ra3 Bg6 22. c5 Rad8 23. Rd1 Bxd4 0-1

[Event "Titled Tuesday intern op 7th March"]
[Site "Chess.com INT"]
[Date "2017.03.07"]
[Round "1"]
[White "Valderrama Quiceno, Esteban Alberto"]
[Black "O'Brien, Matthew"]
[Result "1-0"]
[WhiteElo "2428"]
[BlackElo "2338"]
[PlyCount "67"]
[EventDate "2017.03.07"]
[EventType "swiss (blitz)"]
[EventRounds "11"]
[EventCountry "USA"]
[SourceTitle "EXT 2021"]
[Source "ChessBase"]
[SourceDate "2020.10.23"]
[SourceVersion "1"]
[SourceVersionDate "2020.10.23"]
[SourceQuality "1"]

1. e4 c5 2. g3 Nc6 3. Bg2 g6 4. Ne2 Bg7 5. 0-0 Nf6 6. c3 0-0 7. d4 cxd4 8. cxd4 d5 9. e5 Ne4 10. f3 Nf6 11. exf6 Bxf6 12. Nbc3 e6 13. Be3 b6 14. Qd2 Ba6 15. Rfe1 Qd7 16. Bg5 Bg7 17. Bh6 Rac8 18. Bxg7 Kxg7 19. h4 h5 20. Nf4 Ne7 21. Bh3 Qd6 22. Re5 Rc4 23. Bf1 Nf5 24. Bxc4 dxc4 25. Ne4 Qxd4+ 26. Qxd4 Nxd4 27. Kf2 Rc8 28. Nc3 Bb7 29. Ne4 f6 30. Nxe6+ Kf7 31. Nd6+ Ke7 32. Nxc8+ Bxc8 33. Nxd4+ fxe5 34. Nc6+ 1-0

[Event "Titled Tuesday intern op 7th Febr"]
[Site "Chess.com INT"]
[Date "2017.02.07"]
[Round "6"]
[White "O'Brien, Matthew"]
[Black "Alice, Mateus Felizardo Vi"]
[Result "1/2-1/2"]
[WhiteElo "2332"]
[BlackElo "2124"]
[PlyCount "74"]
[EventDate "2017.02.07"]
[EventType "swiss (blitz)"]
[EventRounds "9"]
[EventCountry "USA"]
[SourceTitle "EXT 2021"]
[Source "ChessBase"]
[SourceDate "2020.10.23"]
[SourceVersion "1"]
[SourceVersionDate "2020.10.23"]
[SourceQuality "1"]

1. e4 c5 2. Nf3 d6 3. Bb5+ Nd7 4. d4 cxd4 5. Qxd4 Ngf6 6. 0-0 a6 7. Bxd7+ Bxd7 8. c4 Bc6 9. Nc3 e6 10. Bg5 Be7 11. Rad1 Rc8 12. Rfe1 0-0 13. Bxf6 Bxf6 14. Qxd6 Bxc3 15. bxc3 Qa5 16. Nd4 Qxa2 17. Nxc6 Rxc6 18. Qb4 Qxc4 19. Qxb7 Qxc3 20. h3 a5 21. Re3 Qc2 22. Red3 g6 23. R1d2 Qc1+ 24. Kh2 a4 25. Rd8 Qc4 26. Rxf8+ Kxf8 27. f3 Kg7 28. Rd7 e5 29. Rxf7+ Qxf7 30. Qxc6 a3 31. Qa6 a2 32. Kh1 Qc7 33. Qxa2 Qc1+ 34. Kh2 Qf4+ 35. Kh1 Qc1+ 36. Kh2 Qf4+ 37. Kh1 Qc1+ 1/2-1/2

[Event "Titled Tuesday intern op 6th Dec 10am"]
[Site "Chess.com INT"]
[Date "2016.12.06"]
[Round "9"]
[White "Andrejkin, Dmitry"]
[Black "O'Brien, Matthew"]
[Result "1/2-1/2"]
[WhiteElo "2182"]
[BlackElo "2290"]
[PlyCount "82"]
[EventDate "2016.12.06"]
[EventType "swiss (blitz)"]
[EventRounds "9"]
[EventCountry "USA"]
[SourceTitle "EXT 2021"]
[Source "ChessBase"]
[SourceDate "2020.10.23"]
[SourceVersion "1"]
[SourceVersionDate "2020.10.23"]
[SourceQuality "1"]

1. e4 c5 2. Nf3 d6 3. d4 cxd4 4. Nxd4 Nf6 5. Nc3 a6 6. f3 e6 7. Be3 b5 8. a3 Nbd7 9. Qd2 Bb7 10. 0-0-0 d5 11. exd5 Nxd5 12. Nxd5 Bxd5 13. Kb1 Qc7 14. Bf4 Bd6 15. Bxd6 Qxd6 16. Nf5 Qe5 17. Nd4 0-0 18. g4 Rfb8 19. h4 Nb6 20. h5 Nc4 21. Bxc4 bxc4 22. g5 Rb6 23. g6 fxg6 24. hxg6 hxg6 25. Ka1 Rab8 26. Rb1 R8b7 27. Rh4 Rf7 28. Rbh1 Rf5 29. Rh8+ Kf7 30. Rc8 Rb7 31. Rhh8 Rxf3 32. Rhf8+ Ke7 33. Rce8+ Kd7 34. Rd8+ Ke7 35. Rfe8+ Kf7 36. Rf8+ Ke7 37. Rde8+ Kd7 38. Rd8+ Ke7 39. Rde8+ Kd7 40. Rd8+ Ke7 41. Rfe8+ Kf7 1/2-1/2

[Event "Titled Tuesday intern op 6th Dec 10am"]
[Site "Chess.com INT"]
[Date "2016.12.06"]
[Round "3"]
[White "O'Brien, Matthew"]
[Black "Rodin, Mihail"]
[Result "0-1"]
[WhiteElo "2301"]
[BlackElo "2321"]
[PlyCount "46"]
[EventDate "2016.12.06"]
[EventType "swiss (blitz)"]
[EventRounds "9"]
[EventCountry "USA"]
[SourceTitle "EXT 2021"]
[Source "ChessBase"]
[SourceDate "2020.10.23"]
[SourceVersion "1"]
[SourceVersionDate "2020.10.23"]
[SourceQuality "1"]

1. e4 e5 2. Nf3 Nc6 3. Bb5 a6 4. Ba4 Bc5 5. 0-0 Nge7 6. c3 Ba7 7. d4 exd4 8. cxd4 d5 9. exd5 Nxd5 10. Nc3 0-0 11. Bg5 Qd6 12. Nxd5 Qxd5 13. Bb3 Qf5 14. d5 Ne5 15. Nxe5 Qxg5 16. Nxf7 Rxf7 17. d6 Bg4 18. Qc1 Qxc1 19. Raxc1 cxd6 20. Rc7 Raf8 21. Rxb7 Bc5 22. h3 Be2 23. Re1 Bxf2+ 0-1

[Event "Titled Tuesday intern op 4th Oct"]
[Site "Chess.com INT"]
[Date "2016.10.04"]
[Round "3"]
[White "Kleiman, Jake"]
[Black "O'Brien, Matthew"]
[Result "0-1"]
[WhiteElo "2399"]
[BlackElo "2317"]
[PlyCount "52"]
[EventDate "2016.10.04"]
[EventType "swiss (blitz)"]
[EventRounds "9"]
[EventCountry "USA"]
[SourceTitle "EXT 2021"]
[Source "ChessBase"]
[SourceDate "2020.10.23"]
[SourceVersion "1"]
[SourceVersionDate "2020.10.23"]
[SourceQuality "1"]

1. e4 c5 2. c3 d5 3. exd5 Nf6 4. d4 Nxd5 5. dxc5 e6 6. b4 a5 7. Qb3 Nc6 8. Bb5 Qf6 9. Bb2 Qe5+ 10. Ne2 Nf4 11. Kf1 Nxe2 12. Bxe2 Qf5 13. Nd2 Be7 14. Nc4 0-0 15. Nb6 Rb8 16. Rd1 e5 17. Nxc8 Rbxc8 18. h3 Rcd8 19. Ke1 Bh4 20. Rf1 Qe4 21. g3 Bg5 22. h4 Bh6 23. a3 Rxd1+ 24. Qxd1 Rd8 25. Qb3 Bd2+ 26. Kd1 Qb1+ 0-1

[Event "Titled Tuesday intern op 2nd Aug"]
[Site "Chess.com INT"]
[Date "2016.08.02"]
[Round "3"]
[White "Katz, Alexander R"]
[Black "O'Brien, Matthew"]
[Result "0-1"]
[WhiteElo "2339"]
[BlackElo "2280"]
[PlyCount "103"]
[EventDate "2016.08.02"]
[EventType "swiss (blitz)"]
[EventRounds "9"]
[EventCountry "USA"]
[SourceTitle "EXT 2021"]
[Source "ChessBase"]
[SourceDate "2020.10.23"]
[SourceVersion "1"]
[SourceVersionDate "2020.10.23"]
[SourceQuality "1"]

1. e4 c5 2. Nc3 d6 3. g3 Nc6 4. Bg2 g6 5. d3 Bg7 6. Be3 Bd7 7. Qd2 Rc8 8. h3 a6 9. Nf3 Nd4 10. Nh4 b5 11. 0-0 b4 12. Nd1 e6 13. f4 Ne7 14. c3 bxc3 15. bxc3 Ndc6 16. g4 f5 17. gxf5 gxf5 18. exf5 0-0 19. fxe6 Bxe6 20. Nf3 Nd5 21. Ng5 Nxe3 22. Qxe3 Bf5 23. Bd5+ Kh8 24. Nf7+ Rxf7 25. Bxf7 Nd4 26. Qf2 Qf6 27. Bd5 Bxd3 28. cxd4 Qg6+ 29. Bg2 Bxd4 30. Ne3 Rg8 31. Rae1 c4 32. Kh2 Bxf1 33. Qxf1 Qg3+ 34. Kh1 Bxe3 35. Rxe3 Qxe3 36. Qa1+ c3 37. Qd1 Qd2 38. Qxd2 cxd2 39. Bf3 Rg3 40. Bd1 Re3 41. Kg2 Re1 42. Bh5 d1Q 43. Bxd1 Rxd1 44. Kf3 Ra1 45. Kg4 Rxa2 46. Kf5 Kg7 47. Ke6 Rf2 48. f5 d5 49. h4 d4 50. h5 h6 51. Ke5 d3 52. f6+ 0-1

[Event "Titled Tuesday intern op1 5th July"]
[Site "Chess.com INT"]
[Date "2016.07.05"]
[Round "7"]
[White "Cheng, Xiao"]
[Black "O'Brien, Matthew"]
[Result "1/2-1/2"]
[WhiteElo "2288"]
[BlackElo "2275"]
[PlyCount "96"]
[EventDate "2016.07.05"]
[EventType "swiss (blitz)"]
[EventRounds "9"]
[EventCountry "USA"]
[SourceTitle "EXT 2021"]
[Source "ChessBase"]
[SourceDate "2020.10.23"]
[SourceVersion "1"]
[SourceVersionDate "2020.10.23"]
[SourceQuality "1"]

1. Nf3 Nf6 2. g3 g6 3. Bg2 Bg7 4. 0-0 0-0 5. Nc3 d6 6. e4 c5 7. d4 cxd4 8. Nxd4 Nc6 9. Nxc6 bxc6 10. e5 dxe5 11. Bxc6 Bh3 12. Bg2 Bxg2 13. Kxg2 Qc8 14. Qe2 Qc6+ 15. Kg1 Rfc8 16. Qxe5 Ng4 17. Qe2 Ne5 18. f4 Nc4 19. Qf3 Qc5+ 20. Kg2 Rab8 21. Ne4 Qc6 22. Rb1 Na3 23. Qxa3 Qxe4+ 24. Kh3 Rxc2 25. Qf3 Qf5+ 26. g4 Rxh2+ 27. Kxh2 Qxb1 28. Be3 Qxb2+ 29. Rf2 Qb1 30. Bxa7 Rc8 31. a4 Qa1 32. Qb3 Qe1 33. Qe3 Qa5 34. Qxe7 Qxa4 35. f5 Re8 36. Qc5 Be5+ 37. Kh3 Qb3+ 38. Kg2 Qg3+ 39. Kf1 Qxg4 40. Qb5 Qh3+ 41. Kg1 Qg3+ 42. Kf1 Qh3+ 43. Kg1 Qg3+ 44. Kf1 Qh3+ 45. Rg2 Qf3+ 46. Rf2 Qh3+ 47. Kg1 Qg3+ 48. Kf1 Qh3+ 1/2-1/2

[Event "Titled Tuesday intern op 5th July"]
[Site "Chess.com INT"]
[Date "2016.07.05"]
[Round "5"]
[White "Gabrielian, Artur"]
[Black "O'Brien, Matthew"]
[Result "1-0"]
[WhiteElo "2520"]
[BlackElo "2287"]
[PlyCount "61"]
[EventDate "2016.07.05"]
[EventType "swiss (blitz)"]
[EventRounds "9"]
[EventCountry "USA"]
[SourceTitle "EXT 2021"]
[Source "ChessBase"]
[SourceDate "2020.10.23"]
[SourceVersion "1"]
[SourceVersionDate "2020.10.23"]
[SourceQuality "1"]

1. e4 c5 2. Nf3 d6 3. d4 cxd4 4. Nxd4 Nf6 5. Nc3 a6 6. Bg5 e6 7. Qe2 Bd7 8. 0-0-0 Nc6 9. f4 Qa5 10. Nb3 Qc7 11. g4 0-0-0 12. Bg2 Kb8 13. Rhe1 Rc8 14. e5 Ne8 15. exd6 Bxd6 16. Kb1 Nf6 17. Bxf6 gxf6 18. Qd2 Bxf4 19. Qxd7 Bxh2 20. Bxc6 Qxc6 21. Qxf7 Be5 22. Nd4 Qb6 23. Nb3 h6 24. Rd7 Rhd8 25. Rxd8 Rxd8 26. a3 Qf2 27. Rxe5 Qg1+ 28. Ka2 fxe5 29. Qxe6 Qg3 30. Nc5 Qe3 31. Qb6 1-0